[Event "56th World U20 ch"]
[Site "Tarvisio ITA"]
[Date "2017.11.17"]
[Round "5.58"]
[White "Brazdzionis, Andrius"]
[Black "Chinguun, Bayaraa"]
[Result "1-0"]
[WhiteElo "2322"]
[BlackElo "1820"]
[EventDate "2017.11.13"]
[PlyCount "101"]

1.d4 Nf6 2.Nf3 g6 3.c4 d5 4.cxd5 Nxd5 5.e4 Nb6 6.h3 Bg7 7.Nc3 O-O 8.Be3 
Nc6 9.Bb5 Nb8 10.O-O c6 11.Be2 N8d7 12.a4 Nf6 13.a5 Nbd7 14.Qb3 Qc7 15.e5 
Nd5 16.Nxd5 cxd5 17.Qxd5 Nb8 18.Rac1 Qd8 19.Bc4 Nc6 20.a6 Qb6 21.Qe4 Nb4 
22.d5 Qd8 23.d6 Bf5 24.Qxb7 exd6 25.Qxb4 dxe5 26.Bg5 Qe8 27.Be7 Rb8 28.
Bxf8 Rxb4 29.Bxb4 h6 30.Bc3 Kh7 31.Rfe1 f6 32.Rcd1 Qc6 33.Bf1 g5 34.Nd2 h5
35.Nc4 h4 36.Ne3 Bg6 37.Nd5 Qe6 38.Bc4 g4 39.Ne3 Qc8 40.hxg4 Bh6 41.Bb5 
Bf4 42.Nf5 Bxf5 43.gxf5 Qc5 44.Bf1 Qc6 45.Bd2 Kh6 46.Bxf4+ exf4 47.Re6 Qc2
48.Rxf6+ Kg5 49.Rg6+ Kh5 50.Rd8 Qxb2 51.Rh8+ 1-0

[Event "56th World U20 ch"]
[Site "Tarvisio ITA"]
[Date "2017.11.17"]
[Round "5.59"]
[White "Lopez Gonzalez, Abel Fabian"]
[Black "Song Yuxin"]
[Result "1/2-1/2"]
[WhiteElo "2384"]
[BlackElo "1951"]
[EventDate "2017.11.13"]
[PlyCount "118"]

1.e4 c5 2.Nc3 d6 3.g3 Nc6 4.Bg2 g6 5.d3 Bg7 6.Be3 e6 7.Qd2 Rb8 8.Nge2 b5 
9.O-O Nd4 10.Nd1 b4 11.c3 bxc3 12.bxc3 Nxe2+ 13.Qxe2 Ne7 14.f4 O-O 15.Rc1 
Ba6 16.Nf2 Qa5 17.e5 d5 18.c4 d4 19.Bd2 Qc7 20.Rb1 Bb7 21.Bxb7 Rxb7 22.Ba5
Qc6 23.Rxb7 Qxb7 24.Ne4 Qa6 25.Bc7 Nf5 26.Qb2 Qc6 27.Bd6 Nxd6 28.Nxd6 f6 
29.Qb7 Qxb7 30.Nxb7 Rc8 31.exf6 Bxf6 32.Re1 Rc6 33.Rb1 Be7 34.Rb5 Ra6 35.
Ra5 Rxa5 36.Nxa5 Bd8 37.Nc6 Bb6 38.Kf2 Kf7 39.Kf3 Ke8 40.g4 Kd7 41.Ne5+ 
Ke7 42.g5 a6 43.Ng4 Bc7 44.Nf6 h5 45.Ne4 Bb6 46.a3 Kd7 47.Nd2 Ba5 48.Nb3 
Bb6 49.Ke4 Ke7 50.Nd2 Bc7 51.Nf3 Kf7 52.Ne5+ Kg7 53.Nc6 Kf7 54.a4 Kg7 55.
Ne5 Bd6 56.Nf3 Kf7 57.Nd2 Bc7 58.Nb3 Bb6 59.Kf3 Ke7 1/2-1/2

[Event "56th World U20 ch"]
[Site "Tarvisio ITA"]
[Date "2017.11.17"]
[Round "5.60"]
[White "Lamard, Guillaume"]
[Black "Miciano, John Marvin"]
[Result "0-1"]
[WhiteElo "2376"]
[BlackElo "2151"]
[EventDate "2017.11.13"]
[PlyCount "84"]

1.d4 Nf6 2.c4 g6 3.Nc3 Bg7 4.Nf3 d6 5.Bg5 O-O 6.e3 c6 7.Be2 Nbd7 8.O-O Qc7
9.Qc2 Re8 10.Rfd1 e5 11.Rac1 h6 12.Bh4 Nf8 13.b4 Bf5 14.Qb3 g5 15.Bg3 e4 
16.Nd2 Qd7 17.d5 h5 18.Nf1 c5 19.Qa4 Qd8 20.Nb5 h4 21.Nxd6 Bd7 22.Qa3 cxb4
23.Qxb4 hxg3 24.Nxe8 gxf2+ 25.Kxf2 Nxe8 26.Qxb7 Nd6 27.Qa6 Bc8 28.Qa4 Bd7 
29.Qa3 Be5 30.Kg1 Qf6 31.Rc2 Ng6 32.c5 Nb5 33.Qa4 Nd4 34.Qxd7 Nxc2 35.Qa4 
Nxe3 36.Nxe3 Bxh2+ 37.Kxh2 Qf4+ 38.Kh1 Qxe3 39.Bf1 g4 40.g3 Ne5 41.Qd4 
Qh6+ 42.Kg2 Nf3 0-1

[Event "56th World U20 ch"]
[Site "Tarvisio ITA"]
[Date "2017.11.17"]
[Round "5.61"]
[White "Schweighoffer, Martin"]
[Black "Noboa Silva, Kevin"]
[Result "0-1"]
[WhiteElo "2123"]
[BlackElo "2356"]
[EventDate "2017.11.13"]
[PlyCount "64"]

1.e4 e6 2.d4 d5 3.Nd2 a6 4.Bd3 c5 5.Ngf3 c4 6.Be2 Nf6 7.e5 Nfd7 8.a4 Nc6 
9.O-O Be7 10.b3 cxb3 11.c4 dxc4 12.Nxc4 Nb6 13.Qxb3 Nxc4 14.Qxc4 O-O 15.
Bd2 Bd7 16.a5 Na7 17.Qb3 Bc6 18.Bb4 Bd5 19.Qa3 Bxb4 20.Qxb4 Nc6 21.Qa4 Rc8
22.Rfd1 Rc7 23.Ne1 Ne7 24.Ra3 Nf5 25.Qb4 Rd7 26.Rad3 Ne7 27.Qd2 Bc4 28.Nc2
Bxd3 29.Bxd3 Nc6 30.Qf4 g6 31.Be2 Qxa5 32.Ne3 Ne7 0-1

[Event "56th World U20 ch"]
[Site "Tarvisio ITA"]
[Date "2017.11.17"]
[Round "5.62"]
[White "Zarubitsky, Viachaslau"]
[Black "De Block, Yordi"]
[Result "1-0"]
[WhiteElo "2344"]
[BlackElo "2119"]
[EventDate "2017.11.13"]
[PlyCount "105"]

1.e4 e5 2.Nf3 Nc6 3.Bb5 a6 4.Ba4 Nf6 5.O-O Be7 6.Re1 b5 7.Bb3 d6 8.c3 O-O 
9.h3 Na5 10.Bc2 c5 11.d4 cxd4 12.cxd4 Nc6 13.Nc3 Qc7 14.Be3 Bd7 15.Rc1 Qb7
16.Nd5 Bd8 17.Bb1 Re8 18.Nxf6+ Bxf6 19.d5 Ne7 20.Qd2 g6 21.Qa5 Rac8 22.Qb4
Qb8 23.Qa3 Rxc1 24.Rxc1 Bc8 25.Nd2 Bb7 26.Nb3 Nc8 27.Na5 Bd8 28.Nc6 Bxc6 
29.Rxc6 a5 30.Bd3 Rf8 31.Qb3 b4 32.Bh6 Re8 33.Qa4 Bb6 34.Ba6 Rd8 35.Qb5 f6
36.Kf1 Na7 37.Qxb6 Nxc6 38.Qxc6 g5 39.h4 Kf7 40.hxg5 Kg6 41.Qc1 Qb6 42.Be2
Qc5 43.Qd2 Qd4 44.Qxd4 exd4 45.f4 fxg5 46.Bxg5 Re8 47.Bb5 Rc8 48.Bc6 Rf8 
49.g3 Kf7 50.Ke2 Rg8 51.Kd3 h6 52.Bh4 b3 53.a3 1-0

[Event "56th World U20 ch"]
[Site "Tarvisio ITA"]
[Date "2017.11.17"]
[Round "5.63"]
[White "Nowak, Lukasz"]
[Black "Tarini, Goyal"]
[Result "0-1"]
[WhiteElo "2310"]
[BlackElo "2062"]
[EventDate "2017.11.13"]
[PlyCount "70"]

1.e4 c6 2.d4 d5 3.Nd2 dxe4 4.Nxe4 Bf5 5.Ng3 Bg6 6.h4 h6 7.Nf3 e6 8.h5 Bh7 
9.Bd3 Bxd3 10.Qxd3 Nf6 11.Bd2 Be7 12.O-O-O c5 13.Ne4 cxd4 14.Nxd4 Nbd7 15.
Kb1 a6 16.Rhe1 O-O 17.Bc1 Qb6 18.g4 Nxe4 19.Qxe4 Nf6 20.Qf3 Nd5 21.Ka1 Bf6
22.c3 Rac8 23.Rg1 Qa5 24.g5 hxg5 25.Bxg5 Nxc3 26.Qxc3 Qxg5 27.Qf3 Qh6 28.
Qe4 Rfd8 29.f4 Rc4 30.Qxb7 Rcxd4 31.Rxd4 Bxd4 32.Rh1 Bf6 33.Qxa6 Qxh5 34.
Qf1 Qd5 35.Qb1 g6 0-1

[Event "56th World U20 ch"]
[Site "Tarvisio ITA"]
[Date "2017.11.17"]
[Round "5.64"]
[White "Bezuidenhout, Roland"]
[Black "Holtman, Teodor"]
[Result "0-1"]
[WhiteElo "2118"]
[BlackElo "2296"]
[EventDate "2017.11.13"]
[PlyCount "100"]

1.Nf3 f5 2.c4 Nf6 3.g3 d6 4.Bg2 e5 5.d3 g6 6.O-O Bg7 7.Nc3 O-O 8.Rb1 a5 9.
a3 Nh5 10.Bd2 h6 11.b4 axb4 12.axb4 g5 13.b5 Nd7 14.Ne1 Nc5 15.Nd5 Nf6 16.
Nxf6+ Qxf6 17.Nc2 e4 18.Be3 exd3 19.exd3 Ne6 20.Bc1 f4 21.Bb2 Qf7 22.Bf3 
Bxb2 23.Rxb2 Qg7 24.Rb1 Nd4 25.Nxd4 Qxd4 26.Bd5+ Kh7 27.Qe2 Qf6 28.Rfe1 
Bf5 29.Qe7+ Kg6 30.Bxb7 Ra2 31.Bc6 fxg3 32.Be8+ Rf7 33.hxg3 Bxd3 34.Re6 
Kg7 35.Qxf6+ Rxf6 36.Rxf6 Kxf6 37.Rb3 Bxc4 38.Rf3+ Ke5 39.Re3+ Kd4 40.Re7 
Ra7 41.Rh7 Kc5 42.Rxh6 Ra1+ 43.Kg2 Bd5+ 44.f3 g4 45.Bc6 gxf3+ 46.Kf2 Ra2+ 
47.Ke3 Re2+ 48.Kd3 Bc4+ 49.Kc3 f2 50.Rf6 d5 0-1

[Event "56th World U20 ch"]
[Site "Tarvisio ITA"]
[Date "2017.11.17"]
[Round "5.65"]
[White "Fuentes Parra, Victor Ignacio"]
[Black "Silva, David"]
[Result "1-0"]
[WhiteElo "2087"]
[BlackElo "2285"]
[EventDate "2017.11.13"]
[PlyCount "67"]

1.Nf3 Nf6 2.d4 d5 3.Bf4 e6 4.e3 c5 5.Nbd2 Nc6 6.c3 h6 7.Bd3 Bd6 8.O-O O-O 
9.Ne5 Qc7 10.Nxc6 Bxf4 11.exf4 bxc6 12.g3 c4 13.Bc2 c5 14.Nf3 Rb8 15.Rb1 
Bb7 16.Re1 Ba8 17.Ne5 cxd4 18.cxd4 Qa5 19.Re3 Qc7 20.g4 Ne4 21.Rh3 f6 22.
Ng6 Rfd8 23.f3 Qf7 24.fxe4 Qxg6 25.e5 Qf7 26.g5 fxg5 27.fxg5 Rf8 28.gxh6 
Qf2+ 29.Kh1 Rf4 30.Qg1 Qxg1+ 31.Rxg1 Rf7 32.hxg7 Rxg7 33.Bh7+ Kf8 34.Rf3+ 
1-0

[Event "56th World U20 ch"]
[Site "Tarvisio ITA"]
[Date "2017.11.17"]
[Round "5.66"]
[White "Milosevic, Milos"]
[Black "Zenari, Marco"]
[Result "1-0"]
[WhiteElo "2249"]
[BlackElo "1997"]
[EventDate "2017.11.13"]
[PlyCount "57"]

1.e4 c5 2.Nc3 Nc6 3.f4 g6 4.Nf3 Bg7 5.Bc4 e6 6.O-O Nge7 7.Qe1 d6 8.d3 Nd4 
9.Nxd4 cxd4 10.Ne2 O-O 11.Qf2 d5 12.Bb3 dxe4 13.dxe4 Qb6 14.Bd2 Bd7 15.a4 
Bc6 16.Ng3 Qc5 17.a5 Rac8 18.f5 gxf5 19.exf5 Nxf5 20.Nxf5 Qxf5 21.Qxf5 
exf5 22.Bb4 Rfd8 23.Rxf5 Rc7 24.Raf1 Be8 25.Bc5 d3 26.c3 d2 27.Bd1 Rdc8 
28.Bf2 Bc6 29.Bh4 {... 34 moves} 1-0

[Event "56th World U20 ch"]
[Site "Tarvisio ITA"]
[Date "2017.11.17"]
[Round "5.67"]
[White "Taalaibekov, Tagir"]
[Black "Vangsgard, Bjarke"]
[Result "1-0"]
[WhiteElo "2219"]
[BlackElo "1987"]
[EventDate "2017.11.13"]
[PlyCount "59"]

1.d4 Nf6 2.Bf4 g6 3.Nc3 Bg7 4.e3 O-O 5.h4 c5 6.Nf3 b6 7.d5 d6 8.Be2 Bf5 9.
Nd2 Qc8 10.f3 Na6 11.e4 Bd7 12.a4 Nc7 13.Nc4 Qb7 14.Qd2 a6 15.Bh6 b5 16.
Bxg7 Kxg7 17.Ne3 bxa4 18.h5 Nxh5 19.Nf5+ Bxf5 20.exf5 Rh8 21.Rxa4 Ng3 22.
Qh6+ Kg8 23.fxg6 fxg6 24.Bd3 Qxb2 25.Kd2 Nxh1 26.Bxg6 Qxc3+ 27.Kxc3 Nxd5+ 
28.Kd2 hxg6 29.Qxg6+ Kf8 30.Rg4 1-0

[Event "56th World U20 ch"]
[Site "Tarvisio ITA"]
[Date "2017.11.17"]
[Round "5.68"]
[White "Sesar, Ivan"]
[Black "Willathgamuwa, Rowan"]
[Result "1-0"]
[WhiteElo "2207"]
[BlackElo "1907"]
[EventDate "2017.11.13"]
[PlyCount "65"]

1.c4 e5 2.g3 Nf6 3.Bg2 d5 4.cxd5 Nxd5 5.Nc3 Nb6 6.Nf3 Nc6 7.O-O Be7 8.Rb1 
a5 9.d3 Be6 10.Be3 Nd5 11.Nxd5 Bxd5 12.Qa4 O-O 13.a3 f5 14.Rbc1 Rf6 15.Qb5
Re6 16.Ng5 Rd6 17.Bxd5+ Rxd5 18.Qxb7 f4 19.Ne6 Qc8 20.Qxc6 Rd6 21.Qe4 Rxe6
22.Rxc7 Qxc7 23.Qxa8+ Kf7 24.Bd2 Qc2 25.Qxa5 Qxb2 26.a4 Bd8 27.Qc3 Qa2 28.
Ra1 Qd5 29.Qc4 Qb7 30.a5 Kf6 31.d4 fxg3 32.dxe5+ Ke7 33.Bb4+ 1-0

[Event "56th World U20 ch"]
[Site "Tarvisio ITA"]
[Date "2017.11.17"]
[Round "5.69"]
[White "Lumachi, Gabriele"]
[Black "Lindholm, Jere"]
[Result "1/2-1/2"]
[WhiteElo "2111"]
[BlackElo "2064"]
[EventDate "2017.11.13"]
[PlyCount "74"]

1.e4 c5 2.Nc3 Nc6 3.f4 g6 4.Nf3 Bg7 5.Bb5 Nd4 6.O-O e6 7.e5 a6 8.Bd3 d5 9.
Nxd4 cxd4 10.Ne2 Qb6 11.Qe1 Ne7 12.b3 Nc6 13.Ba3 f6 14.Qg3 Qc7 15.Bd6 Qf7 
16.Rf3 Bf8 17.Bxf8 Rxf8 18.Raf1 Qg7 19.exf6 Qxf6 20.Qh3 Qe7 21.Qg3 Bd7 22.
Qf2 Qg7 23.c3 dxc3 24.dxc3 O-O-O 25.Qc5 Qe7 26.Qxe7 Nxe7 27.Nd4 Nc6 28.g3 
e5 29.fxe5 Rxf3 30.Nxf3 Bg4 31.e6 Bxe6 32.Ng5 Bg8 33.Rf6 Kd7 34.Nxh7 Ne5 
35.Bxg6 Ke7 36.Rb6 Nxg6 37.Rxg6 Kf7 $11 1/2-1/2

[Event "56th World U20 ch"]
[Site "Tarvisio ITA"]
[Date "2017.11.17"]
[Round "5.70"]
[White "Heinechen, Juan"]
[Black "Chan Sheng Liang, Bernard"]
[Result "1-0"]
[WhiteElo "2101"]
[BlackElo "1698"]
[EventDate "2017.11.13"]
[PlyCount "99"]

1.e4 e5 2.Nf3 Nc6 3.d4 exd4 4.Nxd4 Bc5 5.Nb3 Bb6 6.Nc3 Qf6 7.Qe2 Nge7 8.
Be3 Nd4 9.Qd3 Nxb3 10.axb3 O-O 11.f4 Bxe3 12.Qxe3 d5 13.exd5 Bg4 14.Bd3 
Nf5 15.Bxf5 Qxf5 16.Qf2 Rfe8+ 17.Kd2 b5 18.h3 b4 19.hxg4 bxc3+ 20.bxc3 
Qxg4 21.Rhe1 Red8 22.c4 c6 23.Ra5 Qc8 24.Qf3 Qc7 25.Rea1 Qe7 26.Kc1 cxd5 
27.Rxd5 Rdc8 28.Kb2 Qf6+ 29.Re5 a5 30.g3 a4 31.Qc3 Qb6 32.Rb5 Qc6 33.Rxa4 
Rxa4 34.bxa4 h6 35.Rb4 Ra8 36.Qb3 Kh7 37.Qd3+ Kg8 38.Qd5 Qf6+ 39.Kb3 Re8 
40.Qd3 Qa1 41.c3 g6 42.c5 Re1 43.c6 Rd1 44.Qe4 Re1 45.Qd4 Kh7 46.c7 Re8 
47.Qd7 Qb1+ 48.Kc4 Qe4+ 49.Kc5 Qe2 50.Qxf7+ 1-0

[Event "56th World U20 ch"]
[Site "Tarvisio ITA"]
[Date "2017.11.17"]
[Round "5.71"]
[White "Gomez Barrera, Gonzalo Andres"]
[Black "Terryn, Ezra"]
[Result "1/2-1/2"]
[WhiteElo "1741"]
[BlackElo "1987"]
[EventDate "2017.11.13"]
[PlyCount "82"]

1.e4 c5 2.Nf3 e6 3.d4 cxd4 4.Nxd4 Nc6 5.Nb5 d6 6.c4 Nf6 7.N1c3 a6 8.Na3 
Be7 9.Be2 O-O 10.O-O e5 11.Be3 Re8 12.f3 h5 13.Nd5 Rb8 14.Qd2 h4 15.Rfd1 
Be6 16.Bb6 Qd7 17.Nxe7+ Rxe7 18.Qxd6 Qe8 19.Qd2 Nh5 20.Be3 Rd8 21.Qe1 h3 
22.g3 f5 23.exf5 Bxf5 24.Rxd8 Nxd8 25.Rd1 Nc6 26.g4 Nf4 27.Bf1 Nd4 28.Qf2 
Qc6 29.Bxd4 exd4 30.Rxd4 Ne6 31.Rd5 Bg6 32.Bxh3 Nf4 33.Rd8+ Kf7 34.Bf1 Re2
35.Qg3 Rg2+ 36.Qxg2 Nxg2 37.Kxg2 Qb6 38.Rd2 Qb4 39.Rf2 Kf6 40.h4 Bf7 41.
Bd3 Qc5 $11 1/2-1/2

[Event "56th World U20 ch"]
[Site "Tarvisio ITA"]
[Date "2017.11.17"]
[Round "5.72"]
[White "Donati, Michele"]
[Black "Lin Zhaochen"]
[Result "1/2-1/2"]
[WhiteElo "1978"]
[BlackElo "1852"]
[EventDate "2017.11.13"]
[PlyCount "107"]

1.c4 e6 2.g3 d5 3.Nf3 Nf6 4.d4 Bb4+ 5.Bd2 Be7 6.Bg2 O-O 7.O-O c6 8.Qc2 
Nbd7 9.b3 b6 10.Bc3 Bb7 11.Nbd2 Rc8 12.e4 dxe4 13.Nxe4 c5 14.Ned2 Qc7 15.
Rfe1 Rfe8 16.Rad1 h6 17.Bb2 cxd4 18.Nxd4 Bxg2 19.Kxg2 Bc5 20.Kg1 Qb7 21.
Qb1 Rcd8 22.Ne4 Nxe4 23.Qxe4 Qxe4 24.Rxe4 Nf6 25.Ree1 Ng4 26.h3 e5 27.hxg4
exd4 28.Kg2 Rxe1 29.Rxe1 Rd6 30.f4 d3 31.Kf3 d2 32.Rd1 Rd3+ 33.Ke2 Rxg3 
34.Rxd2 Rg2+ 35.Kd3 Rxg4 36.Ke4 h5 37.Rd8+ Kh7 38.Rd7 Rg2 39.Be5 h4 40.Rd3
Rxa2 41.Rh3 Be7 42.Rd3 Rg2 43.f5 Bg5 44.Kf3 Rd2 45.Rxd2 Bxd2 46.Bb8 $11 
Bg5 47.Bxa7 Bd8 48.b4 g6 49.f6 g5 50.c5 bxc5 51.bxc5 Bxf6 52.Kg4 Be7 53.c6
Bd6 54.Bd4 {... 68 moves} 1/2-1/2

[Event "56th World U20 ch"]
[Site "Tarvisio ITA"]
[Date "2017.11.17"]
[Round "5.73"]
[White "Cappelletto, Joshuaede"]
[Black "Posocco, Dennis"]
[Result "1-0"]
[WhiteElo "1920"]
[BlackElo "1564"]
[EventDate "2017.11.13"]
[PlyCount "51"]

1.e4 d5 2.exd5 Nf6 3.Bc4 Nxd5 4.Nc3 c6 5.d4 h6 6.h3 Bf5 7.Nf3 e6 8.O-O Bd6
9.Re1 O-O 10.Ne4 Bc7 11.a4 Nd7 12.c3 N7f6 13.Nxf6+ Qxf6 14.Ne5 Bxe5 15.
Rxe5 Qg6 16.Qf3 f6 17.Re1 Rad8 18.Kh2 Kh8 19.g4 Bc2 20.Rxe6 Rfe8 21.Rxe8+ 
Rxe8 22.Bf4 Be4 23.Qg3 Nxf4 24.Qxf4 f5 25.Re1 Rf8 26.Rxe4 1-0

[Event "56th World U20 ch"]
[Site "Tarvisio ITA"]
[Date "2017.11.17"]
[Round "5.74"]
[White "Araya Pozo, Francisco Javier"]
[Black "Valente, Joao Nuno Baptista"]
[Result "0-1"]
[WhiteElo "1416"]
[BlackElo "1897"]
[EventDate "2017.11.13"]
[PlyCount "44"]

1.e4 c5 2.Nf3 Nc6 3.d4 cxd4 4.Nxd4 g6 5.Nc3 Bg7 6.Be3 Nf6 7.Bc4 O-O 8.Bb3 
a5 9.a3 Ng4 10.Qxg4 Nxd4 11.Bxd4 Bxd4 12.Qf3 a4 13.Ba2 Qa5 14.O-O Bxc3 15.
bxc3 Ra6 16.Rad1 Rc6 17.Rd3 b6 18.Rb1 Ba6 19.Re3 Bc4 20.Bxc4 Rxc4 21.Rb4 
Rfc8 22.Qe2 Rxc3 0-1

[Event "56th World U20 ch"]
[Site "Tarvisio ITA"]
[Date "2017.11.19"]
[Round "6.1"]
[White "Tari, Aryan"]
[Black "Alexeenko, Kiril"]
[Result "1-0"]
[WhiteElo "2581"]
[BlackElo "2563"]
[EventDate "2017.11.13"]
[PlyCount "75"]

1.e4 c5 2.Nf3 d6 3.Bb5+ Nd7 4.a4 Nf6 5.Nc3 g6 6.a5 Bg7 7.a6 O-O 8.O-O Ne8 
9.d4 bxa6 10.Bxa6 Bxa6 11.Rxa6 cxd4 12.Nxd4 Qc8 13.Ra2 Nef6 14.Qe2 Nc5 15.
Rd1 a6 16.f3 Qb7 17.Be3 Rfd8 18.Qf2 e5 19.Nde2 Ne6 20.Nd5 Nxd5 21.exd5 Nf8
22.Nc3 Nd7 23.Qe2 f5 24.Rda1 Nf6 25.Qc4 e4 26.Rxa6 Rxa6 27.Rxa6 Qxb2 28.
Ra7 Nh5 29.Ne2 exf3 30.gxf3 Re8 31.Qc7 Qf6 32.Bd4 Qf8 33.Kf1 Rc8 34.Qd7 
Rd8 35.Qe6+ Kh8 36.Rf7 Qg8 37.Bxg7+ Nxg7 38.Qf6 1-0

[Event "56th World U20 ch"]
[Site "Tarvisio ITA"]
[Date "2017.11.19"]
[Round "6.2"]
[White "Praggnanandhaa, R."]
[Black "Xu Xiangyu"]
[Result "1/2-1/2"]
[WhiteElo "2509"]
[BlackElo "2543"]
[EventDate "2017.11.13"]
[PlyCount "67"]

1.Nf3 Nf6 2.g3 d5 3.Bg2 c6 4.O-O Bf5 5.d3 e6 6.c4 dxc4 7.dxc4 Qxd1 8.Rxd1 
Bc2 9.Rf1 Nbd7 10.Nc3 Ne4 11.Nd1 Nef6 12.Bf4 Nb6 13.Rc1 Be4 14.Nc3 Bxf3 
15.Bxf3 Bc5 16.Rfd1 Ke7 17.e4 Nfd7 18.e5 h6 19.Ne4 g5 20.Nxc5 gxf4 21.Nxd7
Nxd7 22.gxf4 a5 23.Kf1 Raf8 24.Bg4 f6 25.Rd6 Nc5 26.Rd4 Rhg8 27.Bh3 fxe5 
28.fxe5 Rg5 29.Re1 Rf3 30.Bg2 Rd3 31.Rxd3 Nxd3 32.Re3 Nxe5 33.Bh3 Nxc4 34.
Rxe6+ 1/2-1/2

[Event "56th World U20 ch"]
[Site "Tarvisio ITA"]
[Date "2017.11.19"]
[Round "6.3"]
[White "Oparin, Grigory"]
[Black "Lomasov, Semen"]
[Result "1/2-1/2"]
[WhiteElo "2606"]
[BlackElo "2490"]
[EventDate "2017.11.13"]
[PlyCount "75"]

1.d4 Nf6 2.c4 e6 3.Nf3 Bb4+ 4.Nbd2 O-O 5.a3 Be7 6.e4 d5 7.e5 Nfd7 8.Bd3 c5
9.h4 g6 10.b4 cxd4 11.Qe2 Nc6 12.O-O dxc4 13.Bxc4 a6 14.Nb3 b5 15.Bd3 Bb7 
16.Bh6 Re8 17.Be4 Qb6 18.Rfd1 Bf8 19.Bxf8 Rxf8 20.Nfxd4 Nxd4 21.Nxd4 Rac8 
22.Nf3 Rc4 23.Bxb7 Qxb7 24.Rd6 Nb6 25.Qe3 Nc8 26.Rd4 Rxd4 27.Qxd4 Ne7 28.
Qf4 h5 29.Rd1 Rc8 30.Qg5 Qc7 31.Rd6 Nf5 32.Rd1 Qc2 33.Rd8+ Rxd8 34.Qxd8+ 
Kg7 35.g3 Qc1+ 36.Kh2 Qf1 37.Qf6+ Kg8 38.Qd8+ 1/2-1/2

[Event "56th World U20 ch"]
[Site "Tarvisio ITA"]
[Date "2017.11.19"]
[Round "6.4"]
[White "Sorokin, Alexei"]
[Black "Aravindh, Chithambaram"]
[Result "1/2-1/2"]
[WhiteElo "2483"]
[BlackElo "2572"]
[EventDate "2017.11.13"]
[PlyCount "90"]

1.d4 d5 2.c4 c6 3.Nf3 Nf6 4.Nc3 dxc4 5.a4 Bf5 6.Ne5 e6 7.f3 Bb4 8.e4 Bxe4 
9.fxe4 Nxe4 10.Bd2 Qxd4 11.Nxe4 Qxe4+ 12.Qe2 Bxd2+ 13.Kxd2 Qd5+ 14.Kc2 Na6
15.Nxc4 O-O 16.Qe5 Rab8 17.a5 f6 18.Qxd5 cxd5 19.Nd2 Nb4+ 20.Kb1 Nc6 21.
Nb3 Kf7 22.a6 b6 23.Bb5 Ne7 24.Ka2 Rbc8 25.Rhc1 Rfd8 26.Nd4 e5 27.Rxc8 
Rxc8 28.Bd7 Rd8 29.Be6+ Kg6 30.Rc1 exd4 31.Rc7 Nf5 32.Rxa7 d3 33.Kb1 Nd4 
34.Bg4 d2 35.Rc7 Ra8 36.a7 f5 37.Bd1 Kf6 38.Rd7 Nb5 39.Rxd5 Nxa7 40.Bc2 
Ke6 41.Bb3 Rc8 42.Rxd2+ Ke7 43.Re2+ Kf8 44.Rf2 Rc5 45.Bc2 g6 1/2-1/2

[Event "56th World U20 ch"]
[Site "Tarvisio ITA"]
[Date "2017.11.19"]
[Round "6.6"]
[White "Li Di"]
[Black "Liang, Awonder"]
[Result "0-1"]
[WhiteElo "2479"]
[BlackElo "2558"]
[EventDate "2017.11.13"]
[PlyCount "86"]

1.Nf3 Nf6 2.c4 b6 3.g3 Bb7 4.Bg2 g6 5.O-O Bg7 6.Nc3 O-O 7.Re1 Ne4 8.Qc2 
Nxc3 9.bxc3 c5 10.h4 Nc6 11.e4 d6 12.h5 Qd7 13.d3 Ne5 14.Nh4 Qg4 15.h6 Bf6
16.d4 cxd4 17.cxd4 Nc6 18.Nf3 Nxd4 19.Nxd4 Bxd4 20.Bb2 Bc5 21.Qc3 e5 22.
Rad1 Qh5 23.Ba3 Rad8 24.Bxc5 dxc5 25.Bf3 Qg5 26.Qa3 a6 27.Qb2 Qf6 28.Bg2 
Qe6 29.a4 a5 30.Rd5 f6 31.f4 Bxd5 32.exd5 Qg4 33.Qxb6 Qxg3 34.Qe6+ Rf7 35.
Rb1 exf4 36.Rb7 Qe3+ 37.Qxe3 fxe3 38.Rb5 Re7 39.Kf1 e2+ 40.Ke1 Re3 41.Rxc5
Rde8 42.d6 Rc3 43.Bd5+ Kf8 0-1

[Event "56th World U20 ch"]
[Site "Tarvisio ITA"]
[Date "2017.11.19"]
[Round "6.7"]
[White "Liu Yan"]
[Black "Yuffa, Daniil"]
[Result "1/2-1/2"]
[WhiteElo "2422"]
[BlackElo "2527"]
[EventDate "2017.11.13"]
[PlyCount "61"]

1.d4 d5 2.c4 c6 3.Nf3 Nf6 4.e3 a6 5.b3 Bg4 6.Nbd2 Nbd7 7.Qc2 e6 8.Bd3 c5 
9.Bb2 Rc8 10.O-O Bd6 11.Ne5 cxd4 12.exd4 Bh5 13.Rac1 dxc4 14.Ndxc4 O-O 15.
Qb1 Nb6 16.Nxd6 Qxd6 17.Rxc8 Rxc8 18.Rc1 Rd8 19.Qc2 Nbd5 20.Qc8 Qb8 21.
Qxb8 Rxb8 22.f3 Bg6 23.Bf1 Ne3 24.Be2 Nfd5 25.Kf2 f6 26.Nd7 Re8 27.Nc5 Re7
28.Ne4 Re8 29.Nc5 Re7 30.Ne4 Re8 31.Nc5 $11 1/2-1/2

[Event "56th World U20 ch"]
[Site "Tarvisio ITA"]
[Date "2017.11.19"]
[Round "6.8"]
[White "Dragnev, Valentin"]
[Black "Donchenko, Alexander"]
[Result "1-0"]
[WhiteElo "2461"]
[BlackElo "2567"]
[EventDate "2017.11.13"]
[PlyCount "71"]

1.e4 c5 2.Nf3 d6 3.Nc3 a6 4.g3 Nc6 5.Bg2 g6 6.d4 Bg4 7.Ne2 cxd4 8.Nexd4 
Bg7 9.Nxc6 bxc6 10.h3 Bxf3 11.Qxf3 Qa5+ 12.Bd2 Qb5 13.e5 Qxe5+ 14.Kd1 Kf8 
15.Qxc6 Rb8 16.Rb1 Qf5 17.g4 Qxf2 18.Rf1 Qd4 19.g5 h6 20.Qc7 Qb6 21.Qc4 f5
22.gxf6 Bxf6 23.Qg4 Rh7 24.Bd5 Rg7 25.a4 Qc5 26.Qc4 g5 27.b4 Qa7 28.Bc3 h5
29.Kd2 Rg6 30.Bd4 Qd7 31.Bxg8 Rxg8 32.Bxf6 exf6 33.Rxf6+ Kg7 34.Qd4 Kh7 
35.Qe4+ Kg7 36.Rg6+ 1-0

[Event "56th World U20 ch"]
[Site "Tarvisio ITA"]
[Date "2017.11.19"]
[Round "6.9"]
[White "Karthikeyan, Murali"]
[Black "Jarmula, Lukasz"]
[Result "1-0"]
[WhiteElo "2578"]
[BlackElo "2470"]
[EventDate "2017.11.13"]
[PlyCount "107"]

1.e4 e6 2.d4 d5 3.Nc3 Bb4 4.e5 c5 5.a3 Bxc3+ 6.bxc3 Qa5 7.Bd2 Qa4 8.Qg4 
Kf8 9.Qd1 b6 10.h4 Ne7 11.h5 h6 12.Rh4 Nbc6 13.Nf3 c4 14.Rf4 Ke8 15.Nh2 
Nd8 16.Ng4 Kd7 17.Ne3 Kc7 18.Qf3 Rb8 19.Rg4 Rg8 20.Qg3 g6 21.hxg6 fxg6 22.
Qh4 Nf5 23.Nxf5 exf5 24.Qxh6 Qe8 25.Rh4 Nf7 26.Qe3 g5 27.Rh1 Be6 28.a4 f4 
29.Qe2 Bf5 30.Bc1 Qe6 31.Rg1 Qg6 32.g3 Bxc2 33.gxf4 Bd3 34.Qf3 g4 35.Qg3 
Be4 36.Qh4 Qe6 37.Be2 Bf5 38.Ba3 Rbe8 39.Kd2 Rh8 40.Qf6 Qxf6 41.exf6 Re4 
42.f3 gxf3 43.Bxf3 Rh2+ 44.Rg2 Rxf4 45.Rxh2 Rxf3 46.a5 bxa5 47.Bc5 Bd3 48.
Rxa5 Ng5 49.Rxa7+ Kc6 50.Kc1 Rf1+ 51.Kb2 Ne4 52.f7 Kb5 53.Bb4 Rb1+ 54.Ka2 
1-0

[Event "56th World U20 ch"]
[Site "Tarvisio ITA"]
[Date "2017.11.19"]
[Round "6.10"]
[White "Petrosian, Manuel"]
[Black "Sosa, Tomas"]
[Result "1-0"]
[WhiteElo "2554"]
[BlackElo "2469"]
[EventDate "2017.11.13"]
[PlyCount "65"]

1.d4 d5 2.c4 e6 3.Nc3 Bb4 4.e3 Nf6 5.a3 Bxc3+ 6.bxc3 O-O 7.cxd5 exd5 8.Bd3
c5 9.Ne2 b6 10.O-O Re8 11.dxc5 bxc5 12.c4 Ba6 13.cxd5 Bxd3 14.Qxd3 Qxd5 
15.Qxd5 Nxd5 16.Rd1 Nb6 17.Bd2 Na6 18.Nf4 Red8 19.Bc3 Nc7 20.Rdc1 Na6 21.
h4 h6 22.Rab1 Rd6 23.Rb5 Rc8 24.Ra5 Nd7 25.Rb1 Rc7 26.e4 Kf8 27.Nd5 Rc8 
28.Rb7 Nab8 29.Raxa7 f5 30.Ne3 Rd3 31.Nd5 Rd8 32.Rxb8 Rxb8 33.Rxd7 1-0

[Event "56th World U20 ch"]
[Site "Tarvisio ITA"]
[Date "2017.11.19"]
[Round "6.11"]
[White "Shevchenko, Kirill"]
[Black "Harsha, Bharathakoti"]
[Result "1-0"]
[WhiteElo "2550"]
[BlackElo "2445"]
[EventDate "2017.11.13"]
[PlyCount "93"]

1.e4 c5 2.Nf3 d6 3.Bb5+ Nc6 4.O-O Bd7 5.Re1 Nf6 6.c3 a6 7.Bc4 b5 8.Bf1 e5 
9.d4 Be7 10.a4 b4 11.d5 Na5 12.cxb4 cxb4 13.h3 O-O 14.Bd3 Qb8 15.Nbd2 Rc8 
16.Nb3 Bd8 17.Nxa5 Bxa5 18.Bg5 Ne8 19.Qe2 Qb7 20.Nd2 Bb6 21.Nc4 Bc5 22.Na5
Qa7 23.Nb3 Bb6 24.a5 Bd8 25.Be3 Qb7 26.Nd2 Bb5 27.Bxb5 axb5 28.Nb3 Rc4 29.
Qd3 Nf6 30.Rec1 Qa6 31.Nd2 Rxc1+ 32.Rxc1 Qxa5 33.Nb3 Qa6 34.Ra1 Qb7 35.
Rxa8 Qxa8 36.Qxb5 Be7 37.Qxb4 h5 38.Na5 Bf8 39.Nc6 Qa1+ 40.Kh2 Qb1 41.Qb8 
Nh7 42.b4 Qxe4 43.b5 f5 44.Qe8 Nf6 45.Ne7+ Kh7 46.Qxf8 f4 47.f3 1-0

[Event "56th World U20 ch"]
[Site "Tarvisio ITA"]
[Date "2017.11.19"]
[Round "6.12"]
[White "Sarana, Alexei"]
[Black "Christiansen, Johan-Sebastian"]
[Result "0-1"]
[WhiteElo "2543"]
[BlackElo "2468"]
[EventDate "2017.11.13"]
[PlyCount "57"]

1.d4 f5 2.c4 Nf6 3.Nc3 d6 4.g3 g6 5.h4 Bg7 6.Nh3 c6 7.d5 e5 8.dxe6 Bxe6 9.
e3 Qe7 10.Nf4 Bf7 11.h5 g5 12.h6 Bf8 13.Nfe2 Bg6 14.b3 Nbd7 15.Nd4 Ng4 16.
Bd3 Nxh6 17.Bb2 Nc5 18.Bc2 Bg7 19.Qe2 O-O 20.O-O-O Rae8 21.Kb1 a6 22.Qd2 
Qf7 23.f4 gxf4 24.exf4 Ng4 25.Nf3 Re3 26.Ng5 Qe7 27.Na4 Bxb2 28.Nxb2 Rd8 
29.Nd3 {... 41 moves} 0-1